000 00454nam a2200145 a 4500
001 000025920
005 20200930024143.0
008 110224s1972 dr 000 0 spa d
040 _aDO-SdBNP
_bspa
_cBNPHU
100 1 _aMartínez, Julio César
_91263
245 1 3 _aEl monólogo de las balas /
_cJulio César Martínez.
260 _aSanto Domingo :
_bEditora Nivar
_bEditora Renovación,
_c1972.
300 _a72 p. :
_bil. retrs. ;
_c21 cm.
049 _aBNPD
999 _c25412
_d25412